<?xml version="1.0" encoding="UTF-8"?>
<marc:record xmlns:marc="http://www.loc.gov/MARC21/slim">
   <marc:leader>00000nam a2200000 a 4500</marc:leader>
   <marc:datafield ind1="1" ind2=" " tag="100">
      <marc:subfield code="a">Bauer, Christina</marc:subfield>
      <marc:subfield code="4">aut</marc:subfield>
      <marc:subfield code="e">Verfasser/-in</marc:subfield>
   </marc:datafield>
   <marc:datafield ind1=" " ind2=" " tag="653">
      <marc:subfield code="a">Backen</marc:subfield>
   </marc:datafield>
   <marc:datafield ind1=" " ind2=" " tag="653">
      <marc:subfield code="a">Frühlingsmenü</marc:subfield>
   </marc:datafield>
   <marc:datafield ind1=" " ind2=" " tag="653">
      <marc:subfield code="a">Kochen</marc:subfield>
   </marc:datafield>
   <marc:datafield ind1="0" ind2="0" tag="245">
      <marc:subfield code="a">Das Back-Magazin. No 17 - März 2022</marc:subfield>
   </marc:datafield>
   <marc:datafield ind1="0" ind2="0" tag="245">
      <marc:subfield code="b">Christina Bauer Magazin</marc:subfield>
   </marc:datafield>
   <marc:datafield ind1="0" ind2="0" tag="245">
      <marc:subfield code="c">Bauer, Christina</marc:subfield>
   </marc:datafield>
   <marc:datafield ind1=" " ind2="1" tag="264">
      <marc:subfield code="c">2022</marc:subfield>
   </marc:datafield>
   <marc:datafield ind1="1" ind2=" " tag="490">
      <marc:subfield code="a">Backen mit Christina</marc:subfield>
      <marc:subfield code="v">17</marc:subfield>
   </marc:datafield>
   <marc:datafield ind1=" " ind2=" " tag="250">
      <marc:subfield code="a">1. Auflage</marc:subfield>
   </marc:datafield>
   <marc:datafield ind1="1" ind2=" " tag="520">
      <marc:subfield code="a">Frühlingsduft liegt in der Luft &#x96; mit Christinas neuem Backmagazin&#xD;
&#xD;
Herrlich: Bald wieder den Krokussen beim Wachsen zusehen und viel Zeit draußen inmitten der ersten warmen Sonnenstrahlen verbringen. Christina Bauer hat in ihrem neuen Magazin gleich drei Frühlingsboten im Gepäck: den duftenden Bärlauch mit seinem unvergleichlichen Knoblaucharoma, das grüne Multitalent Spinat und den sauer-fruchtigen Rhabarber. Die lassen sich in genial vielfältige Rezepte verwandeln &#x96; vom flaumigen Bärlauch-Zupfbrot über die mürb-cremige Spinat-Tomaten-Tarte bis zu den spektakultären Mini-Rhabarber-Cheesecakes. Außerdem im Magazin: Die Kinder stechen fleißig Donuts aus und Urli-Oma hat wertvolle Tipps für Spargel parat. Na, kannst du ihn schon riechen, den Frühling? Mit Christinas Rezepten kannst du dir die warme Zeit jedenfalls schon herbeibacken.</marc:subfield>
   </marc:datafield>
   <marc:datafield ind1=" " ind2=" " tag="020">
      <marc:subfield code="a">9783706629751</marc:subfield>
      <marc:subfield code="9">9783706629751</marc:subfield>
   </marc:datafield>
   <marc:datafield ind1=" " ind2=" " tag="020">
      <marc:subfield code="a">3706629755</marc:subfield>
      <marc:subfield code="9">3706629755</marc:subfield>
   </marc:datafield>
   <marc:datafield ind1="3" ind2=" " tag="024">
      <marc:subfield code="a">9783706629751</marc:subfield>
   </marc:datafield>
   <marc:datafield ind1=" " ind2=" " tag="041">
      <marc:subfield code="a">ger</marc:subfield>
   </marc:datafield>
   <marc:datafield ind1="0" ind2=" " tag="490">
      <marc:subfield code="v">17</marc:subfield>
   </marc:datafield>
   <marc:datafield ind1=" " ind2=" " tag="338">
      <marc:subfield code="a">Band</marc:subfield>
   </marc:datafield>
   <marc:datafield ind1=" " ind2=" " tag="300">
      <marc:subfield code="a">64 Seiten</marc:subfield>
   </marc:datafield>
</marc:record>
